000
00332nam a22001457a 4500
003
OSt
005
20220223103323.0
008
220223b |||||||| |||| 00| 0 eng d
020
_a
0131433873
040
_c
HU
082
_2
7th
_a
692.5
100
_a
Marotta
_9
31253
245
_a
Basic Construction Materials
942
_2
ddc
_c
BOOKS
_n
0
999
_c
31318
_d
31318